[Calendari] bibliobusos 2014 : poesia en moviment poesia en moviment
Descripción Física:
12 p. ; 30 cm.
Materias:
Calendaris
Idioma:
Catalán
MARC
| LEADER | 00000nam a22000007a 4500 | ||
|---|---|---|---|
| 001 | 25099 | ||
| 008 | 211229b spa||||| |||| 00| 0 cat d | ||
| 017 | |a B 26822-2013 | ||
| 080 | |a NBM-12-32 | ||
| 245 | |a [Calendari] bibliobusos 2014 : |b poesia en moviment | ||
| 260 | |a Barcelona : |b Diputació de Barcelona. Xarxa de Biblioteques Municipals ; |c 2013 | ||
| 300 | |a 12 p. ; |c 30 cm. | ||
| 655 | 0 | |a Calendaris |9 52767 | |
| 710 | 1 | |a Barcelona (Catalunya : Província). |b Xarxa de Biblioteques Municipals |9 52650 | |
| 942 | |2 udc |c ARXIU |n 1 | ||
| 952 | |0 0 |1 0 |4 0 |6 NBM1232 |7 1 |9 60924 |a Arxiu |b Arxiu |d 2021-12-29 |l 0 |o NBM-12-32 |p 25099 |r 2021-12-29 00:00:00 |w 2021-12-29 |y ARXIU | ||
| 999 | |c 81049 |d 81049 | ||